Dimenze lásky / Henri Boulad ; [z němčiny přeložil Jiří Kaplan]
Mir.
Náboženské promluvy se vztahují k různým projevům lásky a k postojům v lásce k bližnímu z nejrůznějších aspektů.
Record details
- ISBN: 80-85527-25-1
- Physical Description: 114 s. ; 20 cm
- Edition: 1. vyd. v KN
- Publisher: Kostelní Vydří : Karmelitánské nakladatelství, 1995
Content descriptions
| General Note: | Přeloženo z němčiny |
Search for related items by subject
| Subject: | láska křesťanská láska smysl života duchovní život praktická teologie love charity sense of life spiritual life practical theology |
| Genre: | pojednání essays |
Available copies
- 2 of 2 copies available at Common Catalog SPOK.
Holds
- 0 current holds with 2 total copies.
Show Only Available Copies
| Location | Call Number / Copy Notes | Barcode | Shelving Location | Status | Due Date |
|---|---|---|---|---|---|
| Jabok Library | PT-7.3 | 424480006198 | Odborná literatura | Available | - |
| Jabok Library | PT-7.3 | 424480006223 | Odborná literatura | Available | - |
| LDR | 02166nam a2200637 a 4500 | ||
|---|---|---|---|
| 001 | 2150 | ||
| 003 | CZ-PrJAB | ||
| 005 | 20160128062641.0 | ||
| 007 | ta | ||
| 008 | 110310s1995 xr g 000 i cze d | ||
| 015 | . | ‡acnb000095179 | |
| 020 | . | ‡a80-85527-25-1 ‡q(brož.) | |
| 035 | . | ‡a(CZ PrSKC)den3201 | |
| 035 | . | ‡a(OCoLC)36602635 | |
| 040 | . | ‡aBOE314 ‡bcze | |
| 041 | 1 | . | ‡acze ‡hger |
| 072 | 7. | ‡a17 ‡xEtika. Morální filozofie ‡2Konspekt ‡95 | |
| 072 | 7. | ‡a27-4 ‡xPraktická teologie. Morální teologie ‡2Konspekt ‡95 | |
| 080 | . | ‡a177.6 ‡2MRF | |
| 080 | . | ‡a27-423.79 ‡2MRF | |
| 080 | . | ‡a17.02 ‡2MRF | |
| 080 | . | ‡a27-584 ‡2MRF | |
| 080 | . | ‡a27-4 ‡2MRF | |
| 080 | . | ‡a(049) ‡2MRF | |
| 100 | 1 | . | ‡aBoulad, Henri, ‡d1931- ‡7skuk0000147 ‡4aut |
| 245 | 1 | 0. | ‡aDimenze lásky / ‡cHenri Boulad ; [z němčiny přeložil Jiří Kaplan] |
| 250 | . | ‡a1. vyd. v KN | |
| 260 | . | ‡aKostelní Vydří : ‡bKarmelitánské nakladatelství, ‡c1995 | |
| 300 | . | ‡a114 s. ; ‡c20 cm | |
| 500 | . | ‡aPřeloženo z němčiny | |
| 520 | . | ‡aMir. | |
| 520 | . | ‡aNáboženské promluvy se vztahují k různým projevům lásky a k postojům v lásce k bližnímu z nejrůznějších aspektů. | |
| 650 | 0 | 7. | ‡aláska ‡7ph117230 ‡2czenas |
| 650 | 0 | 7. | ‡akřesťanská láska ‡7ph122100 ‡2czenas |
| 650 | 0 | 7. | ‡asmysl života ‡7ph125718 ‡2czenas |
| 650 | 0 | 7. | ‡aduchovní život ‡7ph114375 ‡2czenas |
| 650 | 0 | 7. | ‡apraktická teologie ‡7ph138483 ‡2czenas |
| 650 | 0 | 9. | ‡alove ‡2eczenas |
| 650 | 0 | 9. | ‡acharity ‡2eczenas |
| 650 | 0 | 9. | ‡asense of life ‡2eczenas |
| 650 | 0 | 9. | ‡aspiritual life ‡2eczenas |
| 650 | 0 | 9. | ‡apractical theology ‡2eczenas |
| 655 | 7. | ‡apojednání ‡7fd133056 ‡2czenas | |
| 655 | 9. | ‡aessays ‡2eczenas | |
| 700 | 1 | . | ‡aKaplan, Jiří ‡7kpwa2781 ‡4trl |
| 765 | 0 | . | ‡tDimensionen der Liebe ‡9Česky |
| 910 | . | ‡aABG312 | |
| 901 | . | ‡a2150 ‡bUnknown ‡c2150 ‡tbiblio | |